00613nam a2200217Ia 4500003000400000005001700004008004100021020001800062040001800080041000800098082002100106100002000127245006500147250001200212260004400224300002700268650002300295651002300318651002700341651002700368OSt20230927105928.0210716s2017 xx 000 0 und d a9789386602312 cAIMIT LIBRARY aeng a374.22 21bBAKV aBakshi, Vikram. aForward looking manager in a vuca world /cBy Vikram Bakshi. a1st ed. aNew Delhi :bSage Publications ,c2017. axv,284p ;bPBc21.3 cm aGeneral Management aTractical planning aMonitoring and control aClosing of the project